000 005820000a22001810004500
003 MACL
005 20160422130953.0
008 160422b xxu||||| |||| 00| 0 eng d
040 _aMACL
_cMACL
041 _aHindi
082 _a891.437 GOS
100 _aगोस्‍वामी श्रवण कुमार
_953339
245 _aहमारी मांग पूरी करो
260 _bज्ञान गंगा प्रकाशन
_c1999
_aनई दिल्‍ली
350 _a150
650 _aLiterature
_953340
942 _cHIN
_k891.437/GOS
_2ddc
999 _c10944
_d10944